[Event "Wch Rapid"]
[Site "Samarkand"]
[Date "2023.12.26"]
[Round "3"]
[White "Xue, Haowen"]
[Black "Caruana, Fabiano"]
[Result "0-1"]
[WhiteElo "2455"]
[BlackElo "2794"]
[PlyCount "62"]
[EventDate "2023.12.26"]
[EventType "swiss (rapid)"]
[EventRounds "13"]
[EventCountry "UZB"]
[SourceTitle "CB01_2024"]
[SourceDate "2024.01.03"]
[SourceVersion "1"]
[SourceVersionDate "2024.01.03"]
[SourceQuality "1"]

1. d4 Nf6 2. Nf3 g6 3. g3 Bg7 4. Bg2 0-0 5. c4 d6 6. Nc3 c6 7. 0-0 Bf5 8. Qb3 Qb6 9. Be3 Qxb3 10. axb3 Na6 11. Ra4 Nc7 12. h3 h6 13. g4 Bd7 14. b4 b5 15. cxb5 cxb5 16. Ra5 Bc6 17. Rfa1 a6 18. Ne1 Bxg2 19. Kxg2 h5 20. g5 Nd7 21. f3 Rab8 22. d5 Rbc8 23. Bf2 Nb8 24. Nc2 Rfe8 25. R5a2 Ne6 26. h4 Rc4 27. e3 Nc7 28. Be1 Rc8 29. Kf1 f6 30. gxf6 Bxf6 31. Ke2 Kf7 0-1

[Event "World ol U16"]
[Site "Eindhoven"]
[Date "2023.08.15"]
[Round "4.1"]
[White "Han, Yichen"]
[Black "Xue, Haowen"]
[Result "1/2-1/2"]
[WhiteElo "2413"]
[BlackElo "2455"]
[PlyCount "126"]
[EventDate "2023.08.13"]
[EventType "team-swiss"]
[EventRounds "9"]
[EventCountry "NED"]
[SourceTitle "CBM 215 Extra"]
[Source "ChessBase"]
[SourceDate "2023.09.30"]
[SourceVersion "1"]
[SourceVersionDate "2023.09.30"]
[SourceQuality "1"]
[WhiteTeam "Netherlands"]
[BlackTeam "China"]
[WhiteTeamCountry "NED"]
[BlackTeamCountry "CHN"]

1. e4 Nf6 2. Nc3 d5 3. exd5 Nxd5 4. Bc4 Nb6 5. Bb5+ Bd7 6. a4 a6 7. Be2 a5 8. d4 Bf5 9. Nf3 e6 10. 0-0 Be7 11. Bb5+ c6 12. Bd3 Bg4 13. h3 Bh5 14. Ne4 N8d7 15. Ng3 Bg6 16. Re1 Nf6 17. Bxg6 hxg6 18. Qd3 0-0 19. Bg5 Nbd7 20. h4 Re8 21. Rad1 Qb6 22. Ne4 Rad8 23. Bxf6 Bxf6 24. b3 Be7 25. Neg5 Bxg5 26. hxg5 e5 27. Qe4 Qb4 28. Rc1 Nf8 29. dxe5 Qxe4 30. Rxe4 Rd5 31. g3 Ne6 32. Kg2 Kf8 33. Rh4 Ke7 34. b4 Ra8 35. Rb1 axb4 36. Rbxb4 Rd7 37. Kf1 Ra5 38. Rhe4 Nc5 39. Rec4 Na6 40. Rb1 Nc5 41. Ra1 Rd5 42. Rb4 Kd7 43. Rab1 Kc7 44. Rf4 Rd7 45. Rbb4 Ne6 46. Rh4 Rc5 47. Rhc4 Rdd5 48. Ke2 Ra5 49. Rh4 Rdc5 50. Kd2 Rd5+ 51. Kc1 Rd7 52. Kb2 Rad5 53. Rbc4 Rd1 54. Rh2 Kb6 55. Kc3 Ka5 56. Rh8 Kb6 57. Rh2 R7d5 58. Rb4+ Kc7 59. Rc4 Ra1 60. Kb2 Rf1 61. Kc3 Ra1 62. Kb2 Rf1 63. Kc3 Ra1 1/2-1/2

[Event "World ol U16"]
[Site "Eindhoven"]
[Date "2023.08.14"]
[Round "3.2"]
[White "Xue, Haowen"]
[Black "Magold, Filip"]
[Result "1-0"]
[WhiteElo "2455"]
[BlackElo "2359"]
[PlyCount "81"]
[EventDate "2023.08.13"]
[EventType "team-swiss"]
[EventRounds "9"]
[EventCountry "NED"]
[SourceTitle "CBM 215 Extra"]
[Source "ChessBase"]
[SourceDate "2023.09.30"]
[SourceVersion "1"]
[SourceVersionDate "2023.09.30"]
[SourceQuality "1"]
[WhiteTeam "China"]
[BlackTeam "Romania"]
[WhiteTeamCountry "CHN"]
[BlackTeamCountry "ROU"]

1. c4 c6 2. d4 d5 3. Nc3 Nf6 4. Nf3 dxc4 5. a4 Bf5 6. e3 e6 7. Bxc4 Be7 8. 0-0 0-0 9. Qe2 Bg6 10. Ne5 Nbd7 11. Nxg6 hxg6 12. Rd1 a6 13. Qc2 Qc7 14. Bd2 e5 15. Qxg6 Nb6 16. Bb3 Rad8 17. Ne2 Nbd5 18. Qc2 Bd6 19. h3 Qe7 20. dxe5 Qxe5 21. Ng3 Rfe8 22. Be1 Nh5 23. Nf1 Qg5 24. Bxd5 cxd5 25. Bc3 Re6 26. Rd4 f5 27. Rad1 Rg6 28. f4 Bxf4 29. exf4 Nxf4 30. Qd2 Nxh3+ 31. Kh2 f4 32. Rxd5 Rxd5 33. Qxd5+ Qxd5 34. Rxd5 Nf2 35. Rf5 Nd3 36. Kg1 Rb6 37. Nd2 Re6 38. Nf3 Re2 39. Rg5 Re7 40. Rd5 Nc1 41. Ng5 1-0

[Event "World ol U16"]
[Site "Eindhoven"]
[Date "2023.08.13"]
[Round "1.2"]
[White "Xue, Haowen"]
[Black "Kurt, Sascha"]
[Result "1/2-1/2"]
[WhiteElo "2455"]
[BlackElo "1939"]
[PlyCount "116"]
[EventDate "2023.08.13"]
[EventType "team-swiss"]
[EventRounds "9"]
[EventCountry "NED"]
[SourceTitle "CBM 215 Extra"]
[Source "ChessBase"]
[SourceDate "2023.09.30"]
[SourceVersion "1"]
[SourceVersionDate "2023.09.30"]
[SourceQuality "1"]
[WhiteTeam "China"]
[BlackTeam "Netherlands IV"]
[WhiteTeamCountry "CHN"]
[BlackTeamCountry "NED"]

1. Nf3 Nf6 2. b3 g6 3. Bb2 Bg7 4. g3 0-0 5. Bg2 d5 6. c4 c6 7. 0-0 e6 8. d3 b6 9. Nbd2 Bb7 10. e3 Nbd7 11. Qc2 Rc8 12. Rad1 Qc7 13. Qb1 Qb8 14. Qa1 Qa8 15. e4 Ne8 16. exd5 cxd5 17. Ne5 Nxe5 18. Bxe5 dxc4 19. Bxb7 Qxb7 20. dxc4 Qe7 21. Bxg7 Nxg7 22. Ne4 f6 23. Rd3 e5 24. Nc3 Ne6 25. Nd5 Qg7 26. Re1 Rcd8 27. h4 Nc7 28. Red1 Nxd5 29. Rxd5 Qc7 30. Qc3 Rxd5 31. Rxd5 Rd8 32. Qd3 Rxd5 33. Qxd5+ Kg7 34. Kf1 Qc8 35. Ke1 a5 36. Ke2 Qg4+ 37. Ke3 Qc8 38. Qd6 Qb7 39. f3 Kf7 40. g4 h5 41. gxh5 gxh5 42. Qd3 Kg7 43. Ke2 Qe7 44. Qd2 Qc5 45. Qd7+ Kg6 46. Qe8+ Kh6 47. Qh8+ Kg6 48. Qg8+ Kh6 49. Qf7 Qd6 50. a3 e4 51. fxe4 Qh2+ 52. Kd3 Qxh4 53. b4 Qg3+ 54. Kc2 Qe5 55. Qf8+ Kg5 56. Kb3 axb4 57. axb4 Qxe4 58. Qg7+ Kf5 1/2-1/2

[Event "CHN-chT DivA"]
[Site "Fuling"]
[Date "2023.06.17"]
[Round "11.2"]
[White "Xu, Yi"]
[Black "Xue, Haowen"]
[Result "1/2-1/2"]
[WhiteElo "2502"]
[BlackElo "2341"]
[PlyCount "67"]
[EventDate "2023.06.05"]
[EventType "team-tourn"]
[EventRounds "11"]
[EventCountry "CHN"]
[SourceTitle "CBM 214 Extra"]
[Source "ChessBase"]
[SourceDate "2023.07.31"]
[SourceVersion "1"]
[SourceVersionDate "2023.07.31"]
[SourceQuality "1"]
[WhiteTeam "Shanghai"]
[BlackTeam "Shenzhen Pengcheng"]
[WhiteTeamCountry "CHN"]
[BlackTeamCountry "CHN"]

1. e4 c5 2. Nf3 e6 3. c3 d5 4. exd5 Qxd5 5. d4 Nf6 6. Be2 Nc6 7. 0-0 cxd4 8. cxd4 Be7 9. Nc3 Qd6 10. Nb5 Qd8 11. Bf4 Nd5 12. Bg3 0-0 13. Bc4 a6 14. Bxd5 exd5 15. Nc7 Rb8 16. Ne5 Bf6 17. Rc1 Bxe5 18. Bxe5 Bf5 19. Qf3 Nxe5 20. Qxf5 Nc6 21. Nxd5 Nxd4 22. Qe4 Ne2+ 23. Qxe2 Qxd5 24. b3 Rfe8 25. Qd1 Qxd1 26. Rfxd1 Re2 27. a4 h5 28. Re1 Rxe1+ 29. Rxe1 b5 30. g3 g6 31. axb5 Rxb5 32. Re8+ Kg7 33. Ra8 Rxb3 34. Rxa6 1/2-1/2

[Event "Dubai op-A 23rd"]
[Site "Dubai"]
[Date "2023.05.28"]
[Round "2"]
[White "Theodorou, Nikolas"]
[Black "Xue, Haowen"]
[Result "1-0"]
[WhiteElo "2591"]
[BlackElo "2335"]
[PlyCount "131"]
[EventDate "2023.05.27"]
[EventType "swiss"]
[EventRounds "9"]
[EventCountry "UAE"]
[SourceTitle "CBM 214 Extra"]
[Source "ChessBase"]
[SourceDate "2023.07.31"]
[SourceVersion "1"]
[SourceVersionDate "2023.07.31"]
[SourceQuality "1"]

1. Nf3 Nf6 2. b3 d5 3. Bb2 g6 4. c4 Bg7 5. g3 0-0 6. Bg2 c6 7. 0-0 Bg4 8. d4 Bxf3 9. Bxf3 e6 10. Nc3 Nbd7 11. e3 Re8 12. Bg2 Qe7 13. Qe2 Rad8 14. Rad1 Nb6 15. a3 Nc8 16. c5 Nd7 17. e4 dxe4 18. Nxe4 Nf6 19. Nd2 Qc7 20. Nc4 Nd5 21. b4 Nce7 22. Rd3 Nf5 23. Rfd1 Qe7 24. Qc2 h5 25. Qb3 h4 26. a4 Qg5 27. b5 Rb8 28. Bc1 Qh5 29. Bb2 Red8 30. Bf3 Qh8 31. Na5 Nfe7 32. Qc4 Bf6 33. Rb3 Qg7 34. Qe2 Rdc8 35. Nc4 Rd8 36. Nd6 Nf5 37. Nxf5 exf5 38. Bxd5 cxd5 39. Qf3 Re8 40. Qxd5 Rbd8 41. Qxb7 Bxd4 42. Bxd4 Rxd4 43. Rbb1 Rxd1+ 44. Rxd1 Qc3 45. Qd7 Re1+ 46. Kg2 Rxd1 47. Qxd1 Qxc5 48. gxh4 Qc4 49. h5 gxh5 50. Qxh5 Qe4+ 51. Qf3 Qxa4 52. Qxf5 Qc4 53. h3 Kf8 54. Qe5 Qb4 55. Kg3 Qb1 56. Kh2 Qb4 57. Kg2 Kg8 58. Kg3 Qb3+ 59. Kh4 Qb4+ 60. f4 Qb1 61. f5 Qf1 62. f6 Qc4+ 63. Kh5 Qb3 64. Qf5 Kh8 65. Qg4 Qd5+ 66. Kh4 1-0

[Event "CHN-chT Div-A Rapid"]
[Site "Fuling"]
[Date "2022.09.19"]
[Round "11.4"]
[White "Xue, Haowen"]
[Black "Lin, Yi1111"]
[Result "1-0"]
[WhiteElo "2128"]
[BlackElo "2394"]
[PlyCount "126"]
[EventDate "2022.09.06"]
[EventType "team-tourn (rapid)"]
[EventRounds "11"]
[EventCountry "CHN"]
[SourceTitle "CBM 210 Extra"]
[Source "ChessBase"]
[SourceDate "2022.11.30"]
[SourceVersion "1"]
[SourceVersionDate "2022.11.30"]
[SourceQuality "1"]
[WhiteTeam "Shenzhen"]
[BlackTeam "Hangzhou Zhenjiang"]
[WhiteTeamCountry "CHN"]
[BlackTeamCountry "CHN"]

1. e4 e5 2. Nf3 Nc6 3. Bc4 Nf6 4. d3 Bc5 5. 0-0 d6 6. c3 Bb6 7. Bb3 0-0 8. Nbd2 Be6 9. h3 h6 10. Re1 Ne7 11. Bc2 Ng6 12. d4 c6 13. b3 Re8 14. Bb2 Nh7 15. a4 a5 16. Nc4 Bc7 17. Ba3 Bxc4 18. bxc4 b6 19. Nh2 Nf6 20. Nf1 Nf4 21. Bc1 Nh7 22. Ne3 Ng5 23. d5 c5 24. h4 Nh7 25. g3 Ng6 26. Qf3 Ne7 27. Bd1 Rf8 28. Be2 Kh8 29. Bf1 Qe8 30. Bh3 Bd8 31. Kh2 Ra7 32. Nc2 Rb7 33. Bd2 f5 34. exf5 Nxf5 35. Qg2 Rbf7 36. f4 Qe7 37. Na3 h5 38. Re2 Bc7 39. Nb5 g6 40. Rae1 Bb8 41. Kh1 Nf6 42. fxe5 dxe5 43. Bg5 Qd7 44. d6 Ng4 45. Bxg4 hxg4 46. Rxe5 Nxd6 47. Re7 Qf5 48. Rxf7 Qxf7 49. Be7 Re8 50. Nxd6 Bxd6 51. Bf6+ Kh7 52. Rxe8 Qxf6 53. Re3 Be5 54. Qe2 Bxc3 55. Re7+ Kg8 56. Qe6+ Qxe6 57. Rxe6 Kf7 58. Rxb6 Bd2 59. Kg2 Be1 60. Rb1 Bc3 61. Rf1+ Ke6 62. Rf4 Bd2 63. Rxg4 Kf5 1-0

[Event "CHN-chT Div-A Rapid"]
[Site "Fuling"]
[Date "2022.09.18"]
[Round "10.4"]
[White "Nie, Xinyang"]
[Black "Xue, Haowen"]
[Result "0-1"]
[WhiteElo "2388"]
[BlackElo "2128"]
[PlyCount "98"]
[EventDate "2022.09.06"]
[EventType "team-tourn (rapid)"]
[EventRounds "11"]
[EventCountry "CHN"]
[SourceTitle "CBM 210 Extra"]
[Source "ChessBase"]
[SourceDate "2022.11.30"]
[SourceVersion "1"]
[SourceVersionDate "2022.11.30"]
[SourceQuality "1"]
[WhiteTeam "Chongqing Jiulongpo"]
[BlackTeam "Shenzhen"]
[WhiteTeamCountry "CHN"]
[BlackTeamCountry "CHN"]

1. d4 Nf6 2. c4 e6 3. Nc3 Bb4 4. e3 0-0 5. Bd3 d5 6. Nge2 b6 7. cxd5 exd5 8. a3 Bd6 9. b4 Re8 10. Bb2 Bb7 11. Ng3 Nbd7 12. Rc1 a6 13. 0-0 g6 14. b5 c6 15. bxc6 Bxc6 16. Qe2 Bb7 17. a4 Qe7 18. Nb1 h5 19. Rfd1 h4 20. Nf1 h3 21. g3 Nb8 22. Nc3 Nc6 23. f3 Nb4 24. Bb1 Rac8 25. Qf2 Bc6 26. Bc2 Nxc2 27. Qxc2 b5 28. axb5 axb5 29. Qd3 Qd7 30. Nb1 b4 31. Nbd2 Bb5 32. Qb1 Bf8 33. Rxc8 Qxc8 34. Rc1 Qa6 35. Qa1 Bxf1 36. Rxf1 Qd3 37. Rf2 Rxe3 38. Qf1 Bh6 39. Qxd3 Rxd3 40. Nf1 Ne8 41. Re2 Nd6 42. f4 Nc4 43. Bc1 Bg7 44. Re8+ Kh7 45. Kf2 Rd1 46. Be3 b3 47. Ke2 b2 48. Kxd1 b1Q+ 49. Ke2 Qb5 0-1

[Event "CHN-chT Div-A Rapid"]
[Site "Fuling"]
[Date "2022.09.15"]
[Round "8.5"]
[White "Bu, Xiangzhi"]
[Black "Xue, Haowen"]
[Result "1/2-1/2"]
[WhiteElo "2709"]
[BlackElo "2128"]
[PlyCount "57"]
[EventDate "2022.09.06"]
[EventType "team-tourn (rapid)"]
[EventRounds "11"]
[EventCountry "CHN"]
[SourceTitle "CBM 210 Extra"]
[Source "ChessBase"]
[SourceDate "2022.11.30"]
[SourceVersion "1"]
[SourceVersionDate "2022.11.30"]
[SourceQuality "1"]
[WhiteTeam "Chongqing Ticai"]
[BlackTeam "Shenzhen"]
[WhiteTeamCountry "CHN"]
[BlackTeamCountry "CHN"]

1. Nf3 d5 2. g3 Nf6 3. Bg2 c5 4. 0-0 e6 5. d3 Nc6 6. e4 dxe4 7. dxe4 Qxd1 8. Rxd1 Nxe4 9. Na3 Bd7 10. Nc4 Rd8 11. Bf4 f6 12. Re1 b5 13. Na3 Nd6 14. Bxd6 Bxd6 15. Nxb5 Bb8 16. Rad1 Nb4 17. Na3 Kf7 18. c3 Nd5 19. Nd2 Nb6 20. Ne4 Rc8 21. Nc4 Ke7 22. Ncd6 Rc7 23. b4 cxb4 24. cxb4 Rc2 25. Bh3 Rxa2 26. Nc5 Bxd6 27. Bxe6 Bxe6 28. Rxe6+ Kf7 29. Rexd6 1/2-1/2

[Event "CHN-chT Div-A Rapid"]
[Site "Fuling"]
[Date "2022.09.14"]
[Round "7.2"]
[White "Xue, Haowen"]
[Black "Wang, Hao B"]
[Result "1-0"]
[WhiteElo "2128"]
[BlackElo "2165"]
[PlyCount "77"]
[EventDate "2022.09.06"]
[EventType "team-tourn (rapid)"]
[EventRounds "11"]
[EventCountry "CHN"]
[SourceTitle "CBM 210 Extra"]
[Source "ChessBase"]
[SourceDate "2022.11.30"]
[SourceVersion "1"]
[SourceVersionDate "2022.11.30"]
[SourceQuality "1"]
[WhiteTeam "Shenzhen"]
[BlackTeam "Qingdao"]
[WhiteTeamCountry "CHN"]
[BlackTeamCountry "CHN"]

1. d4 d5 2. c4 e6 3. Nf3 Nf6 4. Nc3 c6 5. Bg5 Nbd7 6. e3 Bb4 7. cxd5 exd5 8. Nd2 0-0 9. Bd3 h6 10. Bh4 Re8 11. 0-0 Qc7 12. Qc2 Bd6 13. Nf3 Ng4 14. Kh1 Qb8 15. Rae1 Ngf6 16. e4 dxe4 17. Nxe4 Nxe4 18. Bxe4 Nb6 19. Bh7+ Kf8 20. Rxe8+ Kxe8 21. Re1+ Kf8 22. Ne5 Be6 23. Ng6+ Ke8 24. Qf5 Kd7 25. Rxe6 fxe6 26. Qf7+ Kc8 27. Qxe6+ Kc7 28. Qf7+ Nd7 29. Qxg7 Qe8 30. Ne5 Rd8 31. Bxd8+ Kxd8 32. f4 Bxe5 33. dxe5 Qe6 34. h3 Kc7 35. Bg8 Qf5 36. e6 Qxf4 37. Qxd7+ Kb6 38. Qd8+ Ka6 39. Qd3+ 1-0

[Event "CHN-chT Div-A"]
[Site "Fuling"]
[Date "2022.09.12"]
[Round "6.6"]
[White "Xue, Haowen"]
[Black "Zhang, Di"]
[Result "0-1"]
[WhiteElo "2128"]
[BlackElo "2108"]
[PlyCount "108"]
[EventDate "2022.09.06"]
[EventType "team-tourn"]
[EventRounds "11"]
[EventCountry "CHN"]
[SourceTitle "CBM 210 Extra"]
[Source "ChessBase"]
[SourceDate "2022.11.30"]
[SourceVersion "1"]
[SourceVersionDate "2022.11.30"]
[SourceQuality "1"]
[WhiteTeam "Shenzhen"]
[BlackTeam "Beijing"]
[WhiteTeamCountry "CHN"]
[BlackTeamCountry "CHN"]

1. d4 Nf6 2. c4 e6 3. g3 Bb4+ 4. Bd2 a5 5. Bg2 d6 6. e3 0-0 7. Ne2 e5 8. Nbc3 Bxc3 9. Bxc3 e4 10. d5 Nbd7 11. h3 Nc5 12. Qd4 h5 13. Nf4 Re8 14. Qd1 h4 15. Qd4 Na4 16. Ne2 Nxc3 17. Nxc3 Bf5 18. 0-0-0 Re5 19. gxh4 Bg6 20. Rdg1 Qe7 21. Bf1 Rh5 22. Ne2 Rxh4 23. Nf4 Bf5 24. Rg5 g6 25. Rhg1 Kh7 26. Ne2 Rh6 27. h4 Rxh4 28. f4 Nh5 29. Qd2 b6 30. Nd4 Ng7 31. Qg2 Qf6 32. Rh1 Rxh1 33. Qxh1+ Kg8 34. Bh3 Bxh3 35. Qxh3 Re8 36. Rg2 Kf8 37. Rg5 Nh5 38. Qh4 Ng7 39. f5 Kg8 40. Qf4 Kf8 41. Qh4 Nxf5 42. Nxf5 Re5 43. Rxg6 Qxg6 44. Qh8+ Qg8 45. Qh6+ Ke8 46. Ng7+ Ke7 47. a4 Kd8 48. Kb1 Kc8 49. Qf6 Kb7 50. Kc2 Qh7 51. Qxf7 Rg5 52. Ne6 Qxf7 53. Nd8+ Kc8 54. Nxf7 Rh5 0-1

[Event "CHN-chT Div-A Rapid"]
[Site "Fuling"]
[Date "2022.09.10"]
[Round "4.6"]
[White "Xue, Haowen"]
[Black "Wei, Yi"]
[Result "0-1"]
[WhiteElo "2128"]
[BlackElo "2727"]
[PlyCount "82"]
[EventDate "2022.09.06"]
[EventType "team-tourn (rapid)"]
[EventRounds "11"]
[EventCountry "CHN"]
[SourceTitle "CBM 210 Extra"]
[Source "ChessBase"]
[SourceDate "2022.11.30"]
[SourceVersion "1"]
[SourceVersionDate "2022.11.30"]
[SourceQuality "1"]
[WhiteTeam "Shenzhen"]
[BlackTeam "Jiangsu"]
[WhiteTeamCountry "CHN"]
[BlackTeamCountry "CHN"]

1. d4 g6 2. e4 Bg7 3. c3 d6 4. Nf3 Nf6 5. Bd3 0-0 6. 0-0 Nc6 7. h3 e5 8. Re1 Qe8 9. Nbd2 Nh5 10. d5 Ne7 11. a4 a5 12. Bb5 Qd8 13. Bf1 Bd7 14. Nc4 Qe8 15. b3 Kh8 16. Ba3 Nf4 17. Ra2 f6 18. Kh2 g5 19. g3 Nfg6 20. Nfd2 h6 21. Be2 f5 22. exf5 Nxd5 23. Ne4 Nge7 24. g4 Nf4 25. Bf3 Bc6 26. Ng3 Qf7 27. Rd2 Ned5 28. Bb2 Ra6 29. Nh5 Bf6 30. Nxf6 Nxf6 31. Re3 Kg7 32. Ba3 h5 33. Bxc6 Rxc6 34. f3 hxg4 35. fxg4 Rxc4 36. bxc4 Qxc4 37. Qf3 Rh8 38. Qd1 Rh4 39. Rg3 Ne4 40. Bxd6 cxd6 41. Rxd6 Qa2+ 0-1